Humankind emerging

Bibliographic Details
Main Author: Campbell, Bernard G
Format: Book

MARC

LEADER 00000cam a2200000 7i4500
001 0000009781
002 000010649
005 20000330.0
020 |a T000000812 
090 0 0 |a 619.98   |b CAM 
100 1 |a Campbell, Bernard G 
245 1 0 |a Humankind emerging 
999 |a 0000326   |b BUKU   |c PINJAMAN   |e PERPUSTAKAAN KOMUNITI PETALING JAYA